00511nam a2200181 i 4500001001100000003000500011005001700016008004100033040002500074082001600099245001500115264008700130300001000217336002100227337002500248338002300273500003300296C2-0227045PPAK20180728154619.0000711s xx |||| ||||| | may d aPPAKbengcPPAKerda04a070.01622300aComputimes 1aAlor Setar, Kedah : bPerbadanan Perpustakaan Awam Kedah , cJune-September (1999) c36 cm 2rdacontentatext 2rdamediaaunmediated 2rdacarrieravolume aKeratan Akhbar Koleksi Kedah